000 00501nam a2200181Ia 4500
005 20250508152955.0
008 008 250505s9999 xx 000 0 eng d
037 _aTextual
040 _aFEDL
_beng
_cFEDL
041 _aeng
_2eng
084 _a780.954, SUB
_qFEDL
100 _aSubba Rao T V
_952259
245 0 _aStudies in Indian Music
260 _aBombay, India
_bAsia Publishing House
_c1962
300 _ax,248p
942 _cTEXL
_h780.954, SUB
999 _c1339931
_d1339931